[Event "ACL-A174"]
[Site "www.playchess.de"]
[Date "2001.04.20"]
[Round "7"]
[White "DKCozy"]
[Black "myosotis1984"]
[WhiteElo "1795"]
[BlackElo "1500"]
[PlyCount "38"]
[Result "0-1"]

1.f4 e5 2.e4 exf4 3.Nf3 d5 4.e5 Nc6 5.d4 f6 6.Bb5 
Bd7 7.Bxc6 Bxc6 8.Bxf4 Be7 9.O-O Qd7 10.b3 O-O-O 
11.Qe2 fxe5 12.Nxe5 Qe8 13.c4 dxc4 14.bxc4 Rxd4 
15.Qg4+ Bd7 16.Nxd7 Qxd7 17.Qxg7 Bf6 18.Qf8+ Qd8 
19.Qc5 Rxf4 0-1

[Event "HCL-B323"]
[Site "www.playchess.de"]
[Date "2001.04.20"]
[Round "13"]
[White "jensm"]
[Black "lonewolf"]
[WhiteElo "1750"]
[BlackElo "1710"]
[PlyCount "49"]
[Result "1/2-1/2"]

1.e4 {Hope we have another interesting game, I try 
to find a move in the other, but its complicated 
:-).}  e5 {Your right,perhaps this one will be 
less complicated.}  2.Nf3 {I hope!still 
analysing.........}  Nc6 3.Bb5 a6 4.Ba4 Nf6 5.O-O 
Bc5 6.Bxc6 dxc6 7.Nxe5 Nxe4 8.Qe2 Qd5 9.Nd3 O-O 
10.Nxc5 Nxc5 11.Nc3 Qe6 12.Qxe6 Nxe6 13.Ne2 c5 
14.d3 b6 15.Be3 Bb7 16.Rad1 Rfe8 17.Rfe1 Rad8 
18.d4 cxd4 19.Nxd4 Nxd4 20.Bxd4 Be4 21.c3 Bc2 
22.Rdc1 Rxe1+ 23.Rxe1 f6 24.f3 Kf7 25.Re2 {draw?} 
 1/2-1/2

[Event "HCL-B323"]
[Site "www.playchess.de"]
[Date "2001.04.20"]
[Round "18"]
[White "hassell"]
[Black "jensm"]
[WhiteElo "1745"]
[BlackElo "1750"]
[PlyCount "71"]
[Result "1-0"]

1.e4 {Hello pleased to meet you}  c5 {you too, 
hope we get a funny game:-)}  2.Nf3 Nc6 3.d4 cxd4 
4.Nxd4 g6 5.Nc3 Bg7 6.Be3 Nf6 7.Bc4 Qa5 8.O-O O-O 
9.Nb3 Qc7 10.Bg5 a6 11.Be2 b5 12.a3 e6 13.Qd2 Rb8 
14.Rfd1 b4 15.axb4 Nxb4 16.Bf4 {I hope Anand knows 
what he is doing!?}  e5 {I think he does, I have 
to find a new line :-(}  17.Bg5 Bb7 {You also 
think at anand- wely 1-0?}  18.f3 {Yes, that is 
the game.  I think your move maybe an 
improvement!? It lookd alright.}  d5 {thanks :-), 
but this is still a very fine game for 
white.10.Bg5 was strong}  19.Bxf6 Bxf6 20.exd5 e4 
21.Nxe4 Bxb2 22.Rab1 Qb6+ {havent found anything 
good for black, but interesting game}  23.Kh1 Bg7 
24.Nbc5 Bc8 25.c3 a5 26.cxb4 axb4 27.d6 Bf5 28.Rb3 
Rfd8 29.Qd5 h5 30.Rdb1 Bxe4 31.Nxe4 Qd4 32.Qxd4 
Bxd4 33.R3xb4 Rxb4 34.Rxb4 Be5 35.Bc4 Bxd6 
36.Rb7 1-0

[Event "HCL-C320"]
[Site "www.playchess.de"]
[Date "2001.04.20"]
[Round "25"]
[White "olaf"]
[Black "litty"]
[WhiteElo "1251"]
[BlackElo "1000"]
[PlyCount "55"]
[Result "1-0"]

1.e4 e5 2.Nf3 f6 3.Nc3 d6 4.d4 Nc6 5.d5 Nb4 6.a3 
Na6 7.b4 f5 8.Ng5 f4 9.Ne6 Bxe6 10.dxe6 c6 11.b5 
Qa5 12.Bd2 Nc5 13.Nd5 Qd8 14.bxc6 bxc6 15.Qf3 cxd5 
16.exd5 Rb8 17.Bc4 Nf6 18.O-O g5 19.Rab1 e4 20.Qe2 
Rc8 21.Bc3 Na4 22.Bb5+ Ke7 23.Bxf6+ Kxf6 24.Bxa4 
Qa5 25.Qxe4 h6 26.g4 Ke7 27.Rb7+ Kd8 
28.Rd7+ 1-0

[Event "ACL-A167"]
[Site "www.playchess.de"]
[Date "2001.04.20"]
[Round "5"]
[White "mepms"]
[Black "vijal"]
[WhiteElo "2139"]
[BlackElo "1373"]
[PlyCount "27"]
[Result "1-0"]

1.e4 e5 2.f4 d5 3.exd5 Qxd5 4.Nc3 Qd8 5.Nf3 exf4 
6.Bc4 Be6 7.Qe2 Qf6 8.Nd5 Qd8 9.Nxf4 Qe7 10.Nxe6 
fxe6 11.O-O Nc6 12.d4 O-O-O 13.Bg5 Qf6 
14.Bxf6 1-0

[Event "HCL-B328"]
[Site "www.playchess.de"]
[Date "2001.04.20"]
[Round "1"]
[White "PCChess"]
[Black "King_Slayer"]
[WhiteElo "1901"]
[BlackElo "1259"]
[PlyCount "31"]
[Result "1-0"]

1.e4 e6 2.d4 d5 3.e5 c5 4.c3 Nc6 5.Nf3 Qb6 6.Bd3 
cxd4 7.cxd4 Nxd4 8.Nxd4 Qxd4 9.Bb5+ Bd7 10.Bxd7+ 
Kxd7 11.Qxd4 Rc8 12.Nc3 Bc5 13.Qg4 g6 14.Nxd5 h5 
15.Qa4+ Kd8 16.Bg5+ 1-0

[Event "HCL-C322"]
[Site "www.playchess.de"]
[Date "2001.04.20"]
[Round "3"]
[White "Lukas"]
[Black "vijal"]
[WhiteElo "1138"]
[BlackElo "942"]
[PlyCount "23"]
[Result "1-0"]

1.e4 e5 2.Nf3 Nc6 3.Nc3 Bc5 4.Nxe5 Bxf2+ 5.Kxf2 
Nxe5 6.d4 Qf6+ 7.Kg1 Ng6 8.h4 Nxh4 9.Nd5 Qc6 
10.Rxh4 Nf6 11.Bb5 Qxb5 12.Nxc7+ 1-0

[Event "HCL-A160"]
[Site "www.playchess.de"]
[Date "2001.04.20"]
[Round "21"]
[White "LUCIANO"]
[Black "One_i"]
[WhiteElo "1308"]
[BlackElo "1648"]
[PlyCount "57"]
[Result "1/2-1/2"]

1.d4 {have a good game}  Nf6 {You have a good game 
too!}  2.c4 e6 3.Nc3 b6 4.e3 Bb7 5.Nf3 Bb4 6.Bd2 
O-O 7.Be2 d6 8.O-O Nbd7 9.a3 Bxc3 10.Bxc3 Ne4 
11.Qc2 f5 12.Rac1 g5 13.Nd2 Ndf6 14.Bd3 Qe8 15.f3 
Nxc3 16.Qxc3 Qh5 17.Be2 g4 18.fxg4 fxg4 19.d5 e5 
20.Qd3 Bc8 21.Ne4 Nxe4 22.Rxf8+ Kxf8 23.Qxe4 Kg7 
24.Rf1 Bd7 25.h3 Rf8 26.Rxf8 Kxf8 27.Bxg4 Bxg4 
28.Qxg4 Qxg4 29.hxg4 1/2-1/2

[Event "ACL-A180"]
[Site "www.playchess.de"]
[Date "2001.04.20"]
[Round "4"]
[White "Farmer"]
[Black "Reverend_Owen"]
[WhiteElo "1900"]
[BlackElo "1886"]
[PlyCount "54"]
[Result "0-1"]

1.e4 c5 2.Nf3 d6 3.d4 cxd4 4.Nxd4 Nf6 5.Nc3 g6 
6.Bg5 Bg7 7.Bb5+ Nbd7 8.Qe2 a6 9.Bxd7+ Bxd7 
10.O-O-O Rc8 11.Nd5 Nxd5 12.exd5 h6 13.Bh4 O-O 
14.Bxe7 Qb6 15.Bxf8 Bxd4 16.Rxd4 Qxd4 17.Bxh6 Bf5 
18.Rd1 Qh4 19.Be3 Rxc2+ 20.Qxc2 Bxc2 21.Kxc2 Qa4+ 
22.Kc1 Qxa2 23.g3 Qc4+ 24.Kb1 Qe4+ 25.Kc1 g5 
26.Bxg5 Qc4+ 27.Kb1 Qg4 0-1

[Event "HCL-A064"]
[Site "www.playchess.de"]
[Date "2001.04.21"]
[Round "12"]
[White "Tassiac"]
[Black "Brrrr"]
[WhiteElo "1560"]
[BlackElo "1796"]
[PlyCount "105"]
[Result "1/2-1/2"]

1.d4 Nf6 2.Nf3 g6 3.c3 Bg7 4.h3 d6 5.Nbd2 c5 6.e3 
O-O 7.Be2 cxd4 8.exd4 Nc6 9.O-O e5 10.dxe5 dxe5 
11.Re1 a6 12.Nc4 e4 13.Nh2 b5 14.Qxd8 Rxd8 15.Nb6 
Rb8 16.Nxc8 Rdxc8 17.Bf4 Rb7 18.Red1 Rd8 19.Nf1 
Nd5 20.Bh2 Kf8 21.Nd2 Bxc3 22.Nxe4 Bxb2 23.Rab1 
Ba3 24.Rb3 Be7 25.Nc3 Rbd7 26.Nxd5 R7xd5 27.Rbd3 
R5xd3 28.Rxd3 Ke8 29.Kf1 Nb4 30.Rxd8+ Kxd8 31.a3 
Nc2 32.a4 bxa4 33.Bd1 Nd4 34.Bxa4 Bc5 35.Be5 Ke7 
36.Ke1 f5 37.Bxd4 Bxd4 38.f3 f4 39.Ke2 Ke6 40.Kd3 
Ke5 41.Bd7 Kd5 42.Ba4 Bf6 43.Bd7 a5 44.Bb5 Kc5 
45.Bc4 a4 46.Bg8 h6 47.Bf7 g5 48.Ke4 a3 49.Kd3 Bd4 
50.Bg8 Bh8 51.Bf7 Kb4 52.Be6 Bf6 {I should have 
got my K to a3 instead of the pawn.}  53.Bf7 
{true, draw then?}  1/2-1/2

[Event "HCL-C145"]
[Site "www.playchess.de"]
[Date "2001.04.21"]
[Round "4"]
[White "Chopz8va"]
[Black "nikk"]
[WhiteElo "1181"]
[BlackElo "1185"]
[PlyCount "60"]
[Result "0-1"]

1.e4 e6 2.d4 d5 3.Nc3 Bb4 4.e5 c5 5.Nf3 Nc6 6.Bb5 
Bd7 7.O-O cxd4 8.Bxc6 bxc6 9.Qxd4 Ba5 10.Bf4 Bb6 
11.Qd2 Ne7 12.Bg5 c5 13.a4 O-O 14.Nb5 Bxb5 15.axb5 
Qd7 16.c4 d4 17.Rfe1 Ng6 18.Rad1 Qc7 19.Qc2 h6 
20.Bh4 Nxh4 21.Nxh4 Qe7 22.Nf3 Rad8 23.b3 Bc7 
24.Qa2 Bb8 25.Qb1 g5 26.Re4 f5 27.exf6 Rxf6 28.Qd3 
Rdf8 29.Rd2 Qd6 30.Rde2 {welcome back}  R6xf3 
{thanks, almost missed the time, cause my emails 
been down...}  0-1

[Event "HCL-E008"]
[Site "www.playchess.de"]
[Date "2001.04.21"]
[Round "16"]
[White "NOHAU"]
[Black "BigL"]
[WhiteElo "2145"]
[BlackElo "2000"]
[PlyCount "113"]
[Result "1/2-1/2"]

1.e4 c5 2.Nf3 Nc6 3.Nc3 d6 4.d4 cxd4 5.Nxd4 Nf6 
6.Bc4 e6 7.O-O Be7 8.Be3 O-O 9.Re1 a6 10.a4 Ne5 
11.Bb3 Qc7 12.a5 Neg4 13.Nf3 Nxe3 14.Rxe3 b5 
15.axb6 e.p 16.Qxb6 Nd2 17.Rb8 Nc4 18.Qc7 Na5 
19.d5 exd5 20.exd5 Rxe7 21.Qxe7 Nc6 22.Qc7 Nxb8 
23.Qxb8 Nxd5 24.Nxd5 Qxd5 25.Be6 Qd3 26.Rd8 Qxa6 
27.Bxb3 cxb3 28.Qxb3 Qa8 29.Qb6 Qa3 30.h6 Qc3 
31.Rb8 Rb1 32.Qg6 Re1 33.Qb6 Re2 34.Qa6 Qe1 35.Qa4 
h3 36.Rb3 Qd1 37.Qb5 Qc2 38.Rb4 Qc8+ 39.Kh7 Qc3 
40.Rb3 Qc2+ 41.g6 Re7 42.Qd5 Qc1 43.Rd3 Qc7 44.Kg7 
b4 45.Rb3 b5 46.Qf5 Re8 47.Kh7 Qe5 48.Qxe5 Rxe5 
49.Kg7 f4 50.Kf6 {Es ist wahrscheinlich remis, 
aber ich bin froh mal ein Endspiel erreicht zu 
haben.}  h4 51.Kg7 h5 52.f6 Rd5 53.g5 fxg5 54.hxg5 
Rf5 55.Kh6 Rxf6+ 56.Kxh5 b6 {Entschuldige mein 
abermaliges Angebot, aber ich glaube, jetzt ist es 
wirklich Remis}  57.Rb2 1/2-1/2

[Event "HCL-E018"]
[Site "www.playchess.de"]
[Date "2001.04.21"]
[Round "11"]
[White "Brrrr"]
[Black "FD515"]
[WhiteElo "1806"]
[BlackElo "1978"]
[PlyCount "128"]
[Result "1/2-1/2"]

1.d4 d5 2.c4 e6 3.Nc3 {Happy New Year! :-)}  Nf6 
4.Bg5 Nbd7 {Happy and successfull 2001}  5.Nf3 c6 
6.cxd5 exd5 7.Qc2 h6 8.Bh4 g5 9.Bg3 Nh5 10.e4 g4 
11.Bh4 Be7 12.Bxe7 Qxe7 13.Nd2 dxe4 14.Qxe4 Nhf6 
15.Qxe7+ Kxe7 16.O-O-O Nb6 17.Re1+ Be6 18.h3 h5 
19.Nb3 gxh3 20.gxh3 Nbd5 21.Bc4 b6 22.Bxd5 Nxd5 
23.Nxd5+ cxd5 24.Kd2 Kd6 25.Re3 Rhg8 26.Nc1 Rac8 
27.b3 Bf5 28.Nd3 Be4 29.Rhe1 Rc7 30.R1e2 Bxd3 
31.Rxd3 Rgc8 32.Ke3 R7c3 33.Red2 Re8+ 34.Kf4 Re2 
35.Rxe2 Rxd3 36.h4 Rxd4+ 37.Kg5 Rg4+ 38.Kxh5 {I 
guess the point of your last move was to confine 
my K to the h-file.}  f5 {I think so !}  39.Rd2 
Ke5 40.Re2+ Kf6 41.Re8 d4 42.Rd8 Ke5 43.Re8+ Kd5 
44.Re7 a5 45.a3 Rg2 46.Rd7+ Ke4 47.Re7+ Kd3 48.Re6 
Rxf2 49.Rxb6 Kc3 50.b4 axb4 51.Rc6+ Kb3 52.axb4 d3 
53.Rd6 d2 54.b5 Kc2 55.Rc6+ Kd3 56.Rd6+ Ke2 
57.Re6+ Kf1 58.Rd6 Ke1 59.Kg5 f4 60.b6 f3 61.Kf4 
d1Q {%}  62.Rxd1+ Kxd1 63.b7 Rb2 64.Kxf3 
Rxb7 1/2-1/2

[Event "ACL-A066"]
[Site "www.playchess.de"]
[Date "2001.04.21"]
[Round "3"]
[White "Alcoholic"]
[Black "fadda"]
[WhiteElo "1442"]
[BlackElo "1229"]
[PlyCount "42"]
[Result "0-1"]

1.e4 e5 2.f4 exf4 3.Nf3 Nc6 4.Nc3 Nf6 5.d3 d5 
6.Bxf4 Bb4 7.e5 Bxc3+ 8.bxc3 Nh5 9.Be3 Qe7 10.d4 
Be6 11.Rb1 b6 12.Ng5 g6 13.Bb5 Bd7 14.c4 Nb4 
15.Bxd7+ Kxd7 16.c3 Nxa2 17.Qa4+ Kc8 18.cxd5 Nxc3 
19.Qc6 Nxb1 20.d6 Qd8 21.Nxf7 Qd7 0-1

[Event "HCL-E020"]
[Site "www.playchess.de"]
[Date "2001.04.21"]
[Round "12"]
[White "Toni"]
[Black "MarkusSSG"]
[WhiteElo "2000"]
[BlackElo "2345"]
[PlyCount "54"]
[Result "0-1"]

1.e4 c6 {nice to play against a woman good luck}  
2.d4 d5 3.Nc3 dxe4 4.Nxe4 Bf5 5.Ng3 Bg6 6.h4 h6 
7.Nf3 Nd7 8.h5 Bh7 9.Bd3 Bxd3 10.Qxd3 Qb6 11.O-O 
Ngf6 12.b3 e6 13.Bf4 Be7 14.c4 O-O 15.Rfe1 Rfe8 
16.Bxh6 gxh6 17.Rxe6 fxe6 18.Qg6+ Kh8 19.Qxh6+ Nh7 
20.Re1 Bf6 21.Ng5 Bxg5 22.Qg6 Qxd4 23.h6 Re7 
24.Nh5 Qd2 25.Rxe6 Nhf8 26.Qg7+ Rxg7 27.hxg7+ 
Kh7 0-1

[Event "ACL-A084"]
[Site "www.playchess.de"]
[Date "2001.04.21"]
[Round "17"]
[White "hun"]
[Black "Edik"]
[WhiteElo "1620"]
[BlackElo "1501"]
[PlyCount "118"]
[Result "0-1"]

1.Nf3 d5 2.c4 e6 3.g3 Nf6 4.Bg2 Be7 5.cxd5 exd5 
6.O-O O-O 7.d4 Bf5 8.Qb3 Qc8 9.Nc3 c6 10.Nh4 Bg4 
11.Bg5 Nbd7 12.h3 Be6 13.Rac1 h6 14.Bd2 Nb6 15.Kh2 
Nc4 16.Be1 Nh5 17.Nf3 Bd6 18.a4 Nf4 19.Ng1 Nxg2 
20.Kxg2 f5 21.e3 g5 22.Qa2 f4 23.b3 Nb6 24.exf4 
gxf4 25.Nb5 Qd7 26.Nxd6 Qxd6 27.Qd2 Rf6 28.g4 Raf8 
29.Nf3 Nd7 30.Qa5 Qb8 31.Bb4 R8f7 32.Rfe1 Rg7 
33.Bd2 h5 34.g5 Bf5 35.h4 Be4 36.Qb4 Re6 37.Qc3 
Rge7 38.b4 Nb6 39.a5 Nc4 40.Kg1 Bxf3 41.Rxe6 Rxe6 
42.Qd3 Be4 43.Qh3 Re7 44.Rd1 Nxd2 45.Rxd2 f3 
46.Qg3 Qxg3+ 47.fxg3 Bf5 48.Kf2 Bg4 49.Rb2 Re2+ 
50.Rxe2 fxe2 51.Ke1 Kg7 52.Kd2 Kg6 53.Ke1 Kf5 
54.Kf2 {;))}  Ke4 {??  :)}  55.g6 {remis?}  Kd3 
{no...  :)))}  56.g7 { :/}  Be6 {Game good :)))}  
57.g4 {ja...   ;)}  hxg4 58.h5 Kd2 59.h6 e1Q+ {%} 
 0-1

[Event "HCL-C159"]
[Site "www.playchess.de"]
[Date "2001.04.21"]
[Round "12"]
[White "guerino"]
[Black "Winkler"]
[WhiteElo "1067"]
[BlackElo "1000"]
[PlyCount "92"]
[Result "1/2-1/2"]

1.d4 d5 2.c4 dxc4 3.e4 b5 4.a4 c6 5.axb5 cxb5 
6.Nc3 Bd7 7.b3 Qc7 8.Nf3 e6 9.bxc4 bxc4 10.Qc2 Bb4 
11.Bd2 Ne7 12.Be2 O-O 13.Ne5 Bxc3 14.Qxc3 Bb5 
15.Rc1 Rc8 16.Nxc4 Nd7 17.O-O a6 18.Qb3 Qb8 19.Na5 
Bxe2 20.Qxb8 Raxb8 21.Rxc8+ Nxc8 22.Rc1 Bb5 23.Bf4 
Ra8 24.Rc7 h6 25.f3 Kf8 26.Kf2 Ncb6 27.Bd6+ Ke8 
28.Ke3 Rc8 29.Rxc8+ Nxc8 30.Bc7 Ncb6 31.g3 Nc4+ 
32.Nxc4 Bxc4 33.h3 Ke7 34.Kd2 Nf8 35.Kc3 Bb5 36.f4 
Nd7 37.Kb4 h5 38.g4 hxg4 39.hxg4 f6 40.f5 exf5 
41.gxf5 Kf7 42.Bf4 g6 43.fxg6+ Kxg6 44.Be3 Bd3 
45.Ka5 Bxe4 46.Kxa6 Kf5 1/2-1/2

[Event "HCL-A071"]
[Site "www.playchess.de"]
[Date "2001.04.21"]
[Round "15"]
[White "Stema"]
[Black "Spiridonas"]
[WhiteElo "1686"]
[BlackElo "1592"]
[PlyCount "55"]
[Result "1-0"]

1.d4 d5 2.c4 e6 3.Nc3 Bb4 4.Qb3 Nc6 5.Nf3 Nf6 
6.Bg5 h6 7.Bxf6 gxf6 8.O-O-O Bxc3 9.Qxc3 b6 
10.cxd5 Qxd5 11.e3 Bb7 12.Bc4 Qa5 13.Qxa5 Nxa5 
14.Bd3 e5 15.dxe5 Bxf3 16.gxf3 fxe5 17.b4 Nb7 
18.Bb5+ Kf8 19.Bc6 Rb8 20.Rd7 Nd8 21.Rxc7 Nxc6 
22.Rxc6 Rb7 23.Rd1 Ke7 24.Rd5 f6 25.Rdd6 Rf8 
26.Rde6+ Kd7 27.Rexf6 Rxf6 28.Rxf6 1-0

[Event "HCL-C168"]
[Site "www.playchess.de"]
[Date "2001.04.21"]
[Round "10"]
[White "erlsto"]
[Black "JRockne"]
[WhiteElo "1000"]
[BlackElo "598"]
[PlyCount "99"]
[Result "1-0"]

1.e4 e5 2.Nf3 Nc6 3.d4 Bb4+ 4.c3 Ba5 5.d5 Nce7 
6.Nxe5 Nf6 7.Bd3 d6 8.Nc4 c6 9.Bg5 cxd5 10.exd5 
Nexd5 11.Bxf6 Nxf6 12.Qa4+ b5 13.Qxb5+ Nd7 14.Qxa5 
O-O 15.Qxd8 Rxd8 16.O-O Ba6 17.Rd1 d5 18.Ne3 {im 
on vacation, sorry its take some time whit my 
moves}  Bb7 {That's fine on the time.  Hope your 
vacation is going well.}  19.Na3 {Im fine in my 
vacation thank you}  Nf6 20.Nb5 Rd7 21.Nd4 Rad8 
22.Bf5 R7d6 23.Nb5 Rb6 24.Nd4 {Im home again!}  a5 
{Home is Norway?  My grandfather came from 
Norway.}  25.Rab1 {So you have relatives in 
Norway?}  a4 {Yes. Very distant.  My grandfather 
came in 1915.  From Bergen.}  26.a3 {Have you 
visited Bergen? Nice place!}  Rb8 {I have not.  I 
live in Ballard, WA.  Many norwegians/swedes here. 
 May 17 is soon!}  27.Nec2 {A lot of norwegians 
emigratet to USA early 1900! As you for sure 
know!}  Ba6 {Grandma is from Sweden.  Norge/Swede 
blood in me!!}  28.Nb4 Bb7 29.Rde1 g6 30.Bc2 Ra8 
31.f3 Nd7 32.Re7 Bc8 33.Nxd5 Rd6 34.Nb4 Kf8 
35.Rbe1 Bb7 {It looks like your other game is 
getting interesting.}  36.h4 {I`m going to loose 
the other game! just a matter of time, but we have 
played it for some time.}  h5 {He is a strong 
player.}  37.Be4 {Yes he did well in our 
tournament also!}  Bxe4 38.R1xe4 Kg7 39.Ne6+ Rxe6 
40.R4xe6 Nf8 41.Ra6 Rxa6 42.Nxa6 Kf6 43.Re4 Nd7 
44.Rxa4 Nb6 45.Rd4 Ke5 46.a4 Nxa4 47.Rxa4 f6 
48.Rd4 g5 49.hxg5 fxg5 50.b4 1-0

[Event "ACL-A107"]
[Site "www.playchess.de"]
[Date "2001.04.21"]
[Round "10"]
[White "BELAJ_BOY"]
[Black "Farmer"]
[WhiteElo "1500"]
[BlackElo "1500"]
[PlyCount "73"]
[Result "1/2-1/2"]

1.e4 {hi...good luck!}  Nc6 2.Nf3 d5 3.exd5 Qxd5 
4.Nc3 Qa5 5.d3 e5 6.Be2 Nf6 7.O-O Bg4 8.h3 Be6 
9.Ng5 Bb4 10.Bd2 Nd5 11.Nxe6 fxe6 12.Bh5+ g6 
13.Bg4 Nxc3 14.bxc3 Bxc3 15.Bxc3 Qxc3 16.Bxe6 Nd4 
17.Bb3 O-O-O 18.Qe1 Qc5 19.Rc1 Rhf8 20.Qe4 Rf4 
21.Qe3 Rdf8 22.c3 Nxb3 23.axb3 Qxe3 24.fxe3 R4xf1+ 
25.Rxf1 Rxf1+ 26.Kxf1 a5 27.Ke2 b5 28.Kd2 Kd7 
29.d4 Kd6 30.e4 c6 31.Kd3 Ke6 32.g4 Kf6 33.h4 h6 
34.Kc2 Ke6 35.Kb2 Kd6 36.Ka3 Ke6 
37.Kb2 1/2-1/2

[Event "HCL-B206"]
[Site "www.playchess.de"]
[Date "2001.04.21"]
[Round "7"]
[White "dom"]
[Black "adamant"]
[WhiteElo "1428"]
[BlackElo "1045"]
[PlyCount "62"]
[Result "0-1"]

1.e4 e5 2.Nf3 Nc6 3.Bc4 Nf6 4.d3 Be7 5.O-O O-O 
6.c3 Na5 7.Nxe5 Nxc4 8.Nxc4 b5 9.Ne3 Bb7 10.b4 a5 
11.Ba3 a4 12.Nd2 d6 13.Nf3 Nd7 14.Qc2 Rc8 15.c4 
bxc4 16.dxc4 Bf6 17.Rab1 Re8 18.Nd5 Bxd5 19.exd5 
Nb6 20.Bb2 c6 21.Bxf6 Qxf6 22.dxc6 Rxc6 23.c5 Rec8 
24.Rfe1 dxc5 25.bxc5 Nd5 26.Qe4 Nc7 27.Rb7 Re6 
28.Rxc7 Rce8 29.Qb4 R6xe1+ 30.Nxe1 Qe5 31.Kf1 Qe2+ 
{Checkmate in 2}  0-1

[Event "HCL-E033"]
[Site "www.playchess.de"]
[Date "2001.04.21"]
[Round "9"]
[White "KARFOPOULOS"]
[Black "mvs"]
[WhiteElo "2330"]
[BlackElo "2000"]
[PlyCount "27"]
[Result "1-0"]

1.e4 {PRIVET. XAROSE IGRA!!!}  e6 {Privet! Udachi! 
Otkuda takoe znanie russkogo?}  2.Nf3 {ZNAOY U}  
d5 3.e5 c5 4.b4 cxb4 5.a3 {AS BENT LARSEN WROTE 
"WING GAMBIT,THE BEST RECTION AGAINST THE FRENCH.} 
 bxa3 {:)}  6.d4 Nc6 7.c3 Bd7 8.Bd3 f5 9.g4 Nge7 
10.gxf5 Nxf5 11.Ng5 Be7 12.h4 Qa5 13.Bxf5 exf5 
14.e6 1-0

[Event "ACL-E007"]
[Site "www.playchess.de"]
[Date "2001.04.21"]
[Round "9"]
[White "Al-azmi"]
[Black "Goofy"]
[WhiteElo "2086"]
[BlackElo "1744"]
[PlyCount "83"]
[Result "1-0"]

1.d4 Nf6 2.c4 g6 3.Nc3 d5 4.cxd5 Nxd5 5.Na4 Bg7 
6.e4 Nb6 7.Be3 O-O 8.Nf3 Nc6 9.Be2 Bg4 10.Nxb6 
axb6 11.d5 Nb4 12.Qb3 Na6 13.h3 Bxf3 14.Bxf3 Qd6 
15.O-O Nc5 16.Qc2 f5 17.exf5 Rxf5 18.Rfd1 Raf8 
19.Rac1 Be5 20.Bg4 R5f6 21.b4 Na6 22.a3 Bh2+ 
23.Kh1 Bf4 24.Bxf4 R6xf4 25.Be6+ Kg7 26.Qc3+ R8f6 
27.f3 b5 28.Bc8 Rc4 29.Qe1 Rxc1 30.Rxc1 Qxd5 
31.Rd1 Qf7 32.Qe5 Kh6 33.g4 g5 34.h4 Rg6 35.hxg5+ 
Rxg5 36.Qe3 Nb8 37.Rd2 Nc6 38.Rh2+ Kg6 39.Qe4+ Kf6 
40.Qf4+ Kg6 41.Bf5+ Rxf5 42.Qh6+ {good game} 
 1-0

[Event "HCL-C199"]
[Site "www.playchess.de"]
[Date "2001.04.21"]
[Round "15"]
[White "junior30"]
[Black "humberto1978"]
[WhiteElo "1000"]
[BlackElo "1000"]
[PlyCount "22"]
[Result "0-1"]

1.Nf3 d5 2.e3 {play hard!}  Bg4 {ok man,}  3.Bb5+ 
c6 4.Be2 Bxf3 5.gxf3 e6 6.b3 Be7 7.d4 {Let's go 
1978!}  Nf6 {ok, man. this is your first league or 
not}  8.Rg1 {It doesn't matter!}  Rg8 9.Bd3 Qd6 
10.Rg2 Nbd7 11.e4 Rc8 0-1

[Event "ACL-A108"]
[Site "www.playchess.de"]
[Date "2001.04.21"]
[Round "22"]
[White "Winkler"]
[Black "Edik"]
[WhiteElo "1260"]
[BlackElo "1737"]
[PlyCount "104"]
[Result "0-1"]

1.d4 {Hello Edik,good luck and interesting game 
.Andreas}  Nf6 {SPASIBO! Good Luck!}  2.c4 g6 
3.Nc3 Bg7 4.Bg5 c5 5.e3 d6 6.d5 h6 7.Bxf6 {dopreü 
den eduard}  Bxf6 8.Rc1 {äîáðè äåíü}  Nd7 {Äåíü 
äîáðûé! Óäà÷è Âàì!}  9.Bd3 Ne5 10.Nge2 Nxd3+ 
11.Qxd3 O-O 12.O-O Bd7 13.Ng3 a6 14.e4 Qa5 15.a3 
b5 16.Rfe1 b4 17.axb4 cxb4 18.Nd1 Qc5 19.b3 a5 
20.Ne3 a4 21.Rcb1 a3 22.Nc2 Ra6 23.h3 Rfa8 24.Qe3 
Qxe3 25.fxe3 a2 26.Rba1 Bxa1 27.Nxa1 R6a3 28.Ne2 
f5 29.exf5 gxf5 30.Nf4 Bc8 31.Nd3 Rb8 32.Kf2 Kf7 
33.Kg3 e5 34.Kh2 Ba6 35.Nb2 h5 36.g4 hxg4 37.hxg4 
fxg4 38.Kg3 Rg8 39.Re2 Bc8 40.e4 Rh8 41.Rh2 Rxh2 
42.Kxh2 Kg6 43.Kg3 Kg5 44.Nd3 Ba6 45.Nb2 Kh5 
46.Nd3 Bxc4 47.Nc1 Bb5 48.Kg2 Kh4 49.Kh2 g3+ 
50.Kg1 Kh3 51.Kh1 g2+ 52.Kg1 Ba6 0-1

[Event "HCL-B212"]
[Site "www.playchess.de"]
[Date "2001.04.21"]
[Round "28"]
[White "ulibear"]
[Black "dg"]
[WhiteElo "1136"]
[BlackElo "1129"]
[PlyCount "139"]
[Result "1-0"]

1.d4 d6 2.c4 e6 3.Nf3 g6 4.Bg5 Be7 5.h4 Na6 6.Nc3 
b6 7.c5 {quite risky -:)}  f6 8.Bf4 dxc5 9.Qa4+ 
Qd7 10.Qxd7+ {first call to your king!}  Bxd7 
11.e3 O-O-O 12.Bxa6+ Kb8 13.O-O Bc8 14.Bxc8 Kxc8 
15.Rad1 h6 16.Nb5 a6 17.Bxc7 axb5 18.Bxd8 Bxd8 
19.d5 {dreaming of reaching d8}  e5 20.e4 
{dreaming louder ...}  h5 21.Rd2 Ne7 22.b3 b4 
23.Ne1 Kd7 24.Nc2 Kd6 25.f4 Re8 26.Ne3 Ng8 27.Nc4+ 
Kd7 28.fxe5 fxe5 29.Rf7+ Kc8 30.Rdf2 b5 31.Ne3 c4 
32.Kf1 {avoiding a terrible pin}  c3 33.Nc2 {quite 
some pressure :))}  Ne7 34.g3 Bb6 35.R2f3 Kd8 
36.Nxb4 {now I'm feeling better}  Bc5 37.Nd3 c2 
38.Ke2 Ba3 39.R3f1 {you make it most difficult for 
me}  Nc8 40.Rb7 Nd6 41.Rb8+ Nc8 42.Rxb5 Re7 43.Kd2 
Rc7 44.Nc1 {nice place for my knight}  Nd6 45.Rb8+ 
{same for yours ...}  Kd7 46.Kd3 {a lot of threats 
to answer  :-)}  Bb2 47.Rb4 Rc3+ 48.Kd2 Rc7 49.Rf3 
{my 2nd rook's got more to do}  Ke7 50.Rd3 Kf6 
51.Rb6 {puts you in a pin :-)}  Ke7 52.Rc6 {how 
about this ?}  Rxc6 53.dxc6 Nxe4+ 54.Kxc2 {the 
pawn should queen decisive}  Bd4 55.Ne2 Nc5 56.Rd1 
{i need my rook}  Ne6 57.b4 {pawns a lot}  Kd6 
58.Nxd4 {hold the endgame won for White}  Nxd4+ 
59.Rxd4+ exd4 60.b5 {this protected passed pawn 
will win}  Kc7 61.Kd3 Kb6 62.Kxd4 Kc7 63.Kd5 Kb8 
64.Kd6 Kc8 65.a4 Kb8 66.Kd7 Ka7 67.a5 Kb8 68.c7+ 
Ka7 69.c8Q {%}  g5 70.b6+ {mate} 
 1-0

[Event "ACL-A119"]
[Site "www.playchess.de"]
[Date "2001.04.21"]
[Round "10"]
[White "xenium"]
[Black "esad"]
[WhiteElo "1500"]
[BlackElo "1264"]
[PlyCount "64"]
[Result "0-1"]

1.e4 e5 2.Nf3 Nc6 3.Bc4 h6 4.d3 Nf6 5.O-O Bc5 6.c3 
O-O 7.d4 exd4 8.cxd4 Bb6 9.e5 Ne4 10.Qc2 Ng5 
11.Bxg5 hxg5 12.Qe4 Re8 13.Bd3 g6 14.Nc3 d6 15.Bb5 
Bf5 16.Qd5 g4 17.Ne1 dxe5 18.Qxd8 Raxd8 19.d5 a6 
20.Ba4 Bd7 21.dxc6 Bxc6 22.Bxc6 bxc6 23.Nc2 f5 
24.Rfd1 e4 25.Rxd8 Rxd8 26.Nb4 Rd2 27.Nd1 f4 
28.Kh1 Bxf2 29.Nxf2 Rxf2 30.Nxa6 e3 31.Nxc7 Rd2 
32.Nd5 cxd5 0-1

[Event "HCL-C229"]
[Site "www.playchess.de"]
[Date "2001.04.21"]
[Round "3"]
[White "Shahn"]
[Black "Wee_Doogie"]
[WhiteElo "1000"]
[BlackElo "1000"]
[PlyCount "48"]
[Result "0-1"]

1.d4 d5 2.e3 Nc6 3.Nf3 Nf6 4.Bd3 e6 5.h3 Bd6 
6.Nbd2 Bd7 7.b3 Qe7 8.a4 O-O 9.Ba3 Bxa3 10.Ng5 Bd6 
11.h4 h6 12.c3 e5 13.Bb1 e4 14.f3 exf3 15.Bd3 
Qxe3+ 16.Be2 fxe2 17.Qxe2 Qxe2+ 18.Kxe2 hxg5 
19.hxg5 Ne4 20.Nf3 Ng3+ 21.Kf2 Nxh1+ 22.Rxh1 Rfe8 
23.c4 dxc4 24.bxc4 Nxd4 0-1

[Event "HCL-C228"]
[Site "www.playchess.de"]
[Date "2001.04.21"]
[Round "26"]
[White "king27"]
[Black "guerino"]
[WhiteElo "1000"]
[BlackElo "1134"]
[PlyCount "46"]
[Result "0-1"]

1.e4 {hi}  c5 2.g3 Nc6 3.Nh3 d6 4.Bg2 Nf6 5.d3 g6 
6.b3 Bg7 7.O-O O-O 8.Nc3 a6 9.Bb2 b5 10.a4 Bb7 
11.axb5 axb5 12.Rxa8 Qxa8 13.Nxb5 Qb8 14.Qa1 Nb4 
15.e5 Bxg2 16.exf6 Bxf6 17.Bxf6 Bxf1 18.Bxe7 Re8 
19.Bxd6 Qxb5 20.Qf6 Nd5 21.Qh4 Re1 22.Qd8+ 
{king27}  Qe8 23.Qh4 Bxh3+ 0-1

[Event "HCL-C228"]
[Site "www.playchess.de"]
[Date "2001.04.21"]
[Round "27"]
[White "guerino"]
[Black "guigao"]
[WhiteElo "1134"]
[BlackElo "1360"]
[PlyCount "44"]
[Result "0-1"]

1.e4 e5 2.Nf3 Nc6 3.Bb5 d6 4.d4 Bd7 5.O-O a6 6.Ba4 
Nf6 7.Bg5 Be7 8.dxe5 Nxe5 9.Bxd7+ Nfxd7 10.Bxe7 
Qxe7 11.Qd5 Nxf3+ 12.gxf3 O-O-O 13.c4 Qf6 14.Nd2 
Ne5 15.b4 c6 16.Qa5 Qg5+ 17.Kh1 Qxd2 18.Qb6 Qf4 
19.b5 Nxf3 20.Kg2 Qg4+ 21.Kh1 Qh3 22.bxc6 
Qxh2+ 0-1